Problémy pri výpočte ekonomickej pridanej hodnoty
Ukazovateľ EVA. Výpočet ukazovateľa EVA. Problémy výpočtu ekonomickej pridanej hodnoty.
Enregistré dans:
| Auteur principal: | |
|---|---|
| Format: | Chapitre de livre |
| Langue: | slovaque |
| Sujets: | |
| Tags: |
Pas de tags, Soyez le premier à ajouter un tag!
|
MARC
| LEADER | 00000naa$a2200000$$$4500 | ||
|---|---|---|---|
| 001 | 0145421 | ||
| 005 | 20240502072622.0 | ||
| 041 | 0 | |a slo | |
| 044 | |a SK | ||
| 245 | 1 | 0 | |a Problémy pri výpočte ekonomickej pridanej hodnoty |c Marianna Janisová |
| 520 | |a Ukazovateľ EVA. Výpočet ukazovateľa EVA. Problémy výpočtu ekonomickej pridanej hodnoty. | ||
| 610 | 2 | 0 | |a ukazovateľ EVA |
| 610 | 2 | 0 | |a hodnota pridaná ekonomická |
| 610 | 2 | 0 | |a kapitál |
| 610 | 2 | 0 | |a náklady |
| 610 | 2 | 0 | |a zisk |
| 610 | 2 | 0 | |a výnosy |
| 610 | 2 | 0 | |a dane z príjmov |
| 100 | 1 | |a Janisová, Marianna | |